| 000 | 01239cam a22003495a 4500 | ||
|---|---|---|---|
| 999 |
_c10316 _d10316 |
||
| 003 | EG-ScBUE | ||
| 005 | 20191203132147.0 | ||
| 008 | 030516t2004 maua f 001 0 eng d | ||
| 020 | _a1413000762 | ||
| 020 | _a9781413000764 | ||
| 040 |
_aDLC _beng _erda _cDLC _dDLC _dEG-ScBUE _dEG-ScBUE |
||
| 082 | 0 | 4 |
_a428.24 _bSMI _222 |
| 100 | 1 |
_aSmith, Lorraine C, _eauthor. |
|
| 245 | 1 | 0 |
_aInsights for today / _cLorraine C. Smith, Adelphi University, Nancy Nici Mare, English Language Institute, Queens College, The City University of New York. |
| 250 | _aThird edition. | ||
| 250 | _aInternational student edition. | ||
| 264 | 1 |
_aBoston, Massachusetts : _bThomson / Heinle, _c[2004] |
|
| 264 | 4 | _cc 2004 | |
| 300 |
_axxii, 282 pages : _billustrations ; _c28 cm. |
||
| 336 |
_2rdacontent _atext _btxt |
||
| 337 |
_2rdamedia _aunmediated _bn |
||
| 338 |
_2rdacarrier _avolume _bnc |
||
| 490 | 0 |
_aReading for today series ; _vbook 2 |
|
| 500 | _aIncludes index. | ||
| 590 | _abasant emad | ||
| 650 | 7 |
_aEnglish language _vTextbooks for foreign speakers. _2BUEsh |
|
| 650 | 7 |
_aReaders (Secondary) _2BUEsh _929150 |
|
| 653 |
_bHHUUEENN _cApril2019 |
||
| 655 | _vReading book | ||
| 700 | 1 |
_aMare, Nancy Nici, _d1957- _eauthor. |
|
| 942 |
_2ddc _cBB |
||